Optimalizácia výkonu aplikácií v multicloudovom prostredí
Saved in:
| Main Author: | |
|---|---|
| Other Authors: | |
| Format: | Manuscript Book |
| Language: | Slovak |
| Published: |
2017
|
| Subjects: | |
| Online Access: | http://is.stuba.sk/zp/portal_zp.pl?podrobnosti=111987 |
| Tags: |
No Tags, Be the first to tag this record!
|
MARC
| LEADER | 00000ntm a22000003a 4500 | ||
|---|---|---|---|
| 001 | stuzp42719 | ||
| 003 | SK-STU | ||
| 005 | 20180423134237.0 | ||
| 007 | ta | ||
| 008 | 150427s2015----xo-----f-mn---000-0-slo-d | ||
| 040 | |a STU |b slo | ||
| 041 | 0 | |a slo | |
| 100 | 1 | |a Bobák, Martin |u 070000 |4 aut |T FIIT Fakulta informatiky a informačných technológií |X 65408 |U I |Y 70 |7 65408 | |
| 242 | 0 | 1 | |a Application performance optimization in a multicloud environment |y eng |
| 245 | 1 | 0 | |a Optimalizácia výkonu aplikácií v multicloudovom prostredí |
| 260 | |c 2017 | ||
| 650 | 4 | |a cloudové počítanie |2 slo | |
| 650 | 4 | |a architektúra |2 slo | |
| 650 | 4 | |a multicloudové počítanie |2 slo | |
| 650 | 4 | |a optimalizácia |2 slo | |
| 650 | 4 | |a cloud computing |2 eng | |
| 650 | 4 | |a multicloud computing |2 eng | |
| 650 | 4 | |a architecture |2 eng | |
| 650 | 4 | |a optimization |2 eng | |
| 700 | 1 | |a Hluchý, Ladislav |4 ths |X 55490 |7 A000055490 | |
| 856 | 4 | |u http://is.stuba.sk/zp/portal_zp.pl?podrobnosti=111987 | |
| 996 | |b 11081 |c I* DIZ1/16 |l II680 |s P |a 0 |w stuzp42719_0001 | ||